El reconocimiento de sentencias extranjeras en el derecho procesal español

Saved in:
Bibliografiske detaljer
Hovedforfatter: Miguel y Alonso, Carlos de (autor)
Format: Bog
Sprog:spansk
Udgivet: Salónica Aristoteleion Panepisthmion Thessalonike 1967
Fag:
Tags: Tilføj Tag
Ingen Tags, Vær først til at tagge denne postø!

MARC

LEADER 00000nam a2200000 a 4500
001 UCS0987
003 CL-VaPUC
008 970506e19670000GR |||||||||||||||||spa|d
082 0 4 |a 341.78  |b MIG  |2 21 
100 |a Miguel y Alonso, Carlos de  |e autor  |9 618409 
245 1 3 |a El reconocimiento de sentencias extranjeras en el derecho procesal español 
300 |a 192 p 
942 |c BK 
945 |d 19970506 00:00:00  |a paguirre 
260 |a Salónica  |b Aristoteleion Panepisthmion Thessalonike  |c 1967 
650 0 |a Derecho procesal civil  |9 258071 
650 0 |a Procedimiento civil  |9 254870 
650 0 |a Sentencias  |9 256250 
650 7 |a SENTENCIAS EXTRANJERAS  |2 CL-VaPUC  |9 255636 
650 0 |a Tribunales  |9 254872 
651 0 |a España  |9 254926 
583 |a last modification  |c 19970506 00:00:00  |k Rodrigo Vera 
999 |c 259100  |d 259098 
952 |0 0  |1 0  |4 0  |6 341_780000000000000_MIG_1967  |7 0  |8 A  |9 283657  |a BIBDER  |b BIBDER  |d 2019-11-19  |i 1841033  |o 341.78 MIG 1967  |p 1841033  |r 2023-01-25  |w 2019-11-19  |y BK  |k DER